भारतीय नारी : (Record no. 53057)
[ view plain ]
| 000 -LEADER | |
|---|---|
| fixed length control field | 00632nam a2200181Ia 4500 |
| 005 - DATE AND TIME OF LATEST TRANSACTION | |
| control field | 20260429112234.0 |
| 008 - FIXED-LENGTH DATA ELEMENTS--GENERAL INFORMATION | |
| fixed length control field | 260429s9999||||xx |||||||||||||| ||und|| |
| 020 ## - INTERNATIONAL STANDARD BOOK NUMBER | |
| International Standard Book Number | 8177142739 |
| 041 ## - LANGUAGE CODE | |
| Language | Hindi |
| 082 ## - DEWEY DECIMAL CLASSIFICATION NUMBER | |
| Classification number | 305.42 |
| Item number | GUP |
| 100 ## - MAIN ENTRY--PERSONAL NAME | |
| Personal name | गुप्ता, सरोज कुमार |
| 245 #0 - TITLE STATEMENT | |
| Title | भारतीय नारी : |
| Remainder of title | कल, आज और कल / |
| Statement of responsibility, etc | सरोज कुमार गुप्ता |
| 250 ## - EDITION STATEMENT | |
| Edition statement | rev. |
| 260 ## - PUBLICATION, DISTRIBUTION, ETC. (IMPRINT) | |
| Place of publication, distribution, etc | नई दिल्ली : |
| Name of publisher, distributor, etc | प्रकाशन संस्थान, |
| Date of publication, distribution, etc | 2022. |
| 300 ## - PHYSICAL DESCRIPTION | |
| Extent | 368 p.; Hb |
| 650 ## - SUBJECT ADDED ENTRY--TOPICAL TERM | |
| Topical term or geographic name as entry element | स्त्री विमर्श |
| 942 ## - ADDED ENTRY ELEMENTS (KOHA) | |
| Koha item type | Text Books |
| Withdrawn status | Lost status | Damaged status | Not for loan | Collection code | Home library | Location | Shelving location | Date of Cataloging | Source of acquisition | Total Checkouts | Full call number | Barcode | Date last seen | Price effective from | Koha item type |
|---|---|---|---|---|---|---|---|---|---|---|---|---|---|---|---|
| Non-fiction | CUTN Central Library | CUTN Central Library | Social Sciences | 29/04/2026 | Segment Book Distributors, New Delhi - Invoice No. 71458 on 09-02-2026 | 305.42 GUP | 58230 | 29/04/2026 | 29/04/2026 | Text Books |
